Philosophy / (Record no. 1791)

MARC details
000 -LEADER
fixed length control field 01578cam a2200469 i 4500
001 - CONTROL NUMBER
control field data
005 - DATE AND TIME OF LATEST TRANSACTION
control field 20260322212118.0
008 - FIXED-LENGTH DATA ELEMENTS--GENERAL INFORMATION
fixed length control field data
035 ## - SYSTEM CONTROL NUMBER
System control number 23818719
010 ## - LIBRARY OF CONGRESS CONTROL NUMBER
LC control number 2023514134
015 ## - NATIONAL BIBLIOGRAPHY NUMBER
National bibliography number GBC392954
Source bnb
016 7# - NATIONAL BIBLIOGRAPHIC AGENCY CONTROL NUMBER
Record control number 021054267
Source Uk
020 ## - INTERNATIONAL STANDARD BOOK NUMBER
International Standard Book Number 9781785789977
Qualifying information (hardback)
020 ## - INTERNATIONAL STANDARD BOOK NUMBER
International Standard Book Number 178578997X
Qualifying information (hardback)
035 ## - SYSTEM CONTROL NUMBER
System control number (OCoLC)1379484321
040 ## - CATALOGING SOURCE
Original cataloging agency UKMGB
Language of cataloging eng
Description conventions rda
Transcribing agency UKMGB
Modifying agency DLC
-- OCLCQ
-- OCLCO
-- CDX
-- YDX
-- DLC
042 ## - AUTHENTICATION CODE
Authentication code lccopycat
050 00 - LIBRARY OF CONGRESS CALL NUMBER
Classification number BD21
Item number .P454 2023
082 04 - DEWEY DECIMAL CLASSIFICATION NUMBER
Classification number 100
Edition information 23
245 00 - TITLE STATEMENT
Title Philosophy /
Statement of responsibility, etc. consultant editor, Laura D'Olimpio ; illustrations, Robert Fiszer.
246 14 - VARYING FORM OF TITLE
Title proper/short title Philosophy :
Remainder of title navigate your way through big ideas
264 #1 - PRODUCTION, PUBLICATION, DISTRIBUTION, MANUFACTURE, AND COPYRIGHT NOTICE
Place of production, publication, distribution, manufacture London :
Name of producer, publisher, distributor, manufacturer Icon Books,
Date of production, publication, distribution, manufacture, or copyright notice 2023.
264 #4 - PRODUCTION, PUBLICATION, DISTRIBUTION, MANUFACTURE, AND COPYRIGHT NOTICE
Date of production, publication, distribution, manufacture, or copyright notice ©2023
300 ## - PHYSICAL DESCRIPTION
Extent 160 pages :
Other physical details color illustrations ;
Dimensions 24 cm.
336 ## - CONTENT TYPE
Content type term text
Content type code txt
Source rdacontent
337 ## - MEDIA TYPE
Media type term unmediated
Media type code n
Source rdamedia
338 ## - CARRIER TYPE
Carrier type term volume
Carrier type code nc
Source rdacarrier
490 0# - SERIES STATEMENT
Series statement Short cuts
504 ## - BIBLIOGRAPHY, ETC. NOTE
Bibliography, etc. note Includes bibliographical references (page 156) and index.
650 #0 - SUBJECT ADDED ENTRY--TOPICAL TERM
Topical term or geographic name entry element Philosophy.
650 #6 - SUBJECT ADDED ENTRY--TOPICAL TERM
Topical term or geographic name entry element Philosophie.
650 #7 - SUBJECT ADDED ENTRY--TOPICAL TERM
Topical term or geographic name entry element philosophy.
Source of heading or term aat
650 #7 - SUBJECT ADDED ENTRY--TOPICAL TERM
Topical term or geographic name entry element Philosophy
Source of heading or term fast
700 1# - ADDED ENTRY--PERSONAL NAME
Personal name D'Olimpio, Laura,
Relator term editor.
700 1# - ADDED ENTRY--PERSONAL NAME
Personal name Fiszer, Robert,
Relator term illustrator.
906 ## - LOCAL DATA ELEMENT F, LDF (RLIN)
a 7
b cbc
c copycat
d 3
e ncip
f 20
g y-gencatlg
925 0# -
-- acquire
-- 1 shelf copy
-- policy default
955 ## - COPY-LEVEL INFORMATION (RLIN)
-- hm09 2024-12-17 revised 050
923 ## -
-- purchase
-- 2024-07-31
-- I-200014663
-- ProQuest
985 ## -
-- VENDOR LOAD
Holdings
Withdrawn status Lost status Damaged status Not for loan Home library Current library Shelving location Date acquired Total checkouts Full call number Barcode Date last seen Price effective from Koha item type
        Franklin Franklin General stacks 22/03/2026   100 LOC-FRL-00027 22/03/2026 22/03/2026 Books